Countries containing the letter D - Statistics

General Stats
  • This quiz has been taken 167 times
  • The average score is 40 of 48
Answer Stats
Answer % Correct
Ireland
96%
United Kingdom
96%
Andorra
95%
Denmark
95%
Djibouti
95%
Iceland
95%
Poland
95%
Indonesia
94%
Dominica
93%
Dominican Republic
93%
Finland
92%
Netherlands
92%
India
91%
New Zealand
91%
United Arab Emirates
91%
United States of America
91%
Democratic republic of the Congo
87%
Sweden
87%
Thailand
87%
Madagascar
86%
South Sudan
86%
Honduras
85%
Sudan
85%
Jordan
83%
Cambodia
82%
Canada
82%
Switzerland
82%
Bangladesh
81%
Maldives
81%
Moldova
81%
Saudi Arabia
81%
Rwanda
80%
Trinidad and Tobago
80%
Burundi
79%
Chad
79%
Uganda
79%
Barbados
78%
Ecuador
78%
El Salvador
77%
Grenada
77%
Solomon Islands
77%
Marshall Islands
74%
North Macedonia
74%
Antigua and Barbuda
73%
Cape Verde
71%
Saint Vincent and the grenadines
71%
Federated states of Micronesia
66%
Côte d’Ivoire
40%
No matching quizzes found
Score Distribution
Percent of People with Each Score
Percentile by Number Answered
Your Score History
You have not taken this quiz